| 000 | 00929cam a22002535a 4500 | ||
|---|---|---|---|
| 001 | 14914162 | ||
| 005 | 20151115150642.0 | ||
| 008 | 070702t2008 nyua frb 001 0 eng d | ||
| 020 | _a0071484426 (alk. paper) | ||
| 020 | _a9780071484428 (alk. paper) | ||
| 040 |
_aDLC _cDLC _dEG-ScBUE _beng |
||
| 082 | 0 | 4 |
_a005.1 _222 _bPRO |
| 245 | 0 | 0 |
_aProject manager's handbook : _bapplying best practices across global industries / _ceditors David I. Cleland, Lewis R. Ireland. |
| 260 |
_aNew York : _bThe McGraw-Hill Companies, _cc.2008. |
||
| 300 |
_axxiv, 547 p. : _bill. ; _c25 cm. |
||
| 500 | _aIndex : p. 539-547. | ||
| 504 | _aIncludes bibliographical references. | ||
| 650 | 0 |
_aComputer software _xDevelopment _xManagement _2BUEsh _94806 |
|
| 651 | _2BUEsh | ||
| 653 |
_bBUSADM _cAugust2015 _cNovember2015 |
||
| 700 | 1 |
_aCleland, David I. _eeditor. |
|
| 700 | 1 |
_aIreland, Lewis R., _d1937-2012. _eeditor. |
|
| 942 |
_2ddc _k005.1 PRO |
||
| 999 |
_c20588 _d20560 |
||